Číž

Zobrazenie: Päť čiastkových pohľadov, každý v tenkom čiernom orámovaní, štyri na modrobielom podklade, piaty aj v modrom orámovaní. Vpravo hore je vodorovne ružovým písmom s čiernym orámovaním názov. Pohľad na detail kvetu v pozadí so zeleňou. Pohľad na poschodové budovy vľavo. Pred nimi je vpravo t...

Full description

Bibliographic Details
Other Authors: Tarábek, Ján, 1978- (Photographer)
Format: Photo
Language:Slovak
PhysicalDescription:1 pohľadnica (5 čiastkových pohľadov) farebná 11 x 15 cm
Published: [Nitra] FOTAR [1998?]
Subjects:

MARC

LEADER 00000ckm a2200000 a 4500
001 vtls001349998
003 SK-MaSNL
005 20260331203702.0
007 kf co
008 200701q1998 xo g 0kuslo
015 |a SNBG1999/02-01073 
035 |a SNK000303322 
040 |a SNK  |b slo  |c SNK  |e AACR2 
041 0 |a slo 
043 |a e-xo--- 
044 |a xo  |c SK 
072 7 |a 913  |x Regionálna geografia  |2 konspekt 
080 |a 913(437.6)  |2 2011 
080 |a (084.121)  |2 2011 
080 |a 913.437.655:615.838(084.121)  |2 1981 
080 |a 711.455:615.838  |2 2011 
080 |a 725.1:615.838  |2 2011 
080 |a 712.253  |2 2011 
080 |a 581.46  |2 2011 
080 |a 614.2:[725.1:614.21]  |2 2011 
100 1 |a Tarábek, Ján,  |d 1978-  |4 pht  |9 178454 
245 1 0 |a Číž  |h grafika  |c foto Ján Tarábek 
246 1 |i Názov na obrazovej časti:  |a Číž Kúpele 
260 |a [Nitra]  |b FOTAR  |c [1998?]  |e Skalica  |f Grafobal 
300 |a 1 pohľadnica (5 čiastkových pohľadov)  |b farebná  |c 11 x 15 cm 
500 |a Na adresnej časti uvedené: "Číž - Kúpeľná obec v južnej časti Rimavskej kotliny. Vznik kúpeľov v r. 1889, pramene objavené v r. 1862. Liečia sa tu choroby pohybového ústrojenstva." 
500 |a Na adresnej časti uvedené: "FOTO © Ing. Ján Tarábek" 
500 |a Rok vydania určený na základe prírastkového čísla 
500 |a Na adresnej časti uvedené: "FOMEI foto video audio", adresa, telefónne číslo a fax 
520 8 |a Zobrazenie: Päť čiastkových pohľadov, každý v tenkom čiernom orámovaní, štyri na modrobielom podklade, piaty aj v modrom orámovaní. Vpravo hore je vodorovne ružovým písmom s čiernym orámovaním názov. Pohľad na detail kvetu v pozadí so zeleňou. Pohľad na poschodové budovy vľavo. Pred nimi je vpravo trávnatá plocha, na nej sú živé ploty, vľavo pred budovou je listnatý strom. Vľavo v popredí sú dva vysoké stromy. Vpravo hore vidno v zábere konáre ďalšieho listnatého stromu. Pohľad na kúpeľné bodovy vpravo. Vľavo je pred nimi prázdna cesta a listnaté stromy. Pohľad na kúpeľné domy v pozadí. Pred nimi sú kríky a tuje na trávnatej ploche. Vpravo vidno časť cesty. Pohľad na liečebný dom Rimava vpravo v pozadí za trávnatou plochou. Vľavo aj vpravo sú dva ihličnaté stromy. Pred budovou parkujú dve osobné autá 
610 2 7 |a Číž (Slovensko : kúpele)  |2 SNKKA  |9 183547 
650 0 7 |a kúpele  |2 SNKPH  |9 1139 
650 0 7 |a kúpeľné budovy  |2 SNKPH  |9 102104 
650 0 7 |a parky  |2 SNKPH  |9 2942 
650 0 7 |a kvety  |2 SNKPH  |9 29747 
650 0 7 |a liečebne  |2 SNKPH  |9 56920 
651 7 |a Číž (Slovensko)  |2 SNKPHgeo  |9 12918 
655 7 |a geografické pohľadnice  |2 SNKPH  |9 70522 
655 7 |a miestne pohľadnice  |2 SNKPH  |9 70510 
958 |a GBN 
958 |a GC 
958 |a OND 
999 |c 977950  |d 979880 
952 |t P60, <03>, [BOOK], {603}  |a SNK  |b SNK  |y PREZ  |7 0  |p 17A1291444  |o snkSP 148657  |i snkPV 851/98  |0 0  |1 0  |4 0  |d 1998-12-02  |f 1  |l 0  |r 2005-01-02 00:00:00  |w 2026-02-24 
952 |t P60, <04>, [BOOK], {604}  |a SNK  |b SNK  |y PREZ  |7 0  |p 17A1291445  |o snkSP 148657 D1  |i snkPV 852/98  |0 0  |1 0  |4 0  |d 1998-12-02  |l 0  |r 2005-01-02 00:00:00  |w 2026-02-24